00329nam a2200121Ia 4500008004100000041000800041082001600049100001800065245002700083260006200110300002400172365001100196240624s9999 xx 000 0 und d aeng a658.409 TRE aTREHAN KESHAV aEXCEL VBA FOR MANAGERS c2013aNew DelhibShroff Publishers & Distributors Pvt Ltd a282 : p. : cm. ; 28 cRSb30